000 00412nam a2200169Ia 4500
008 170705s9999 xx 000 0 und d
020 _a9780545036054
245 _aPirate Pete's /
245 _cKim Kennedy ; illustrated by Doug Kennedy.
260 _aNew York :
260 _bScholastic,
260 _c2006
300 _aunpaged :
300 _bcolor illustration ;
300 _c23cm.
500 _a780
999 _c336183
_d336183